000 00783nam a2200205Ia 4500
005 20260429112040.0
008 260429s9999||||xx |||||||||||||| ||und||
020 _a9789391798482
041 _aHindi
082 _a491.43
_bSHU
100 _aसुधांशु, अनिरुद्ध कुमार
245 0 _aहिंदी भाषा और संप्रेषण /
_cअनिरुद्ध कुमार सुधांशु
250 _a1st ed.
260 _aदिल्ली :
_bएकैडमिक पब्लिकेशन,
_c2024.
300 _a174 p.; Hb
650 _aहिंदी भाषा
700 _a दुबे , मोनिका
700 _a सिंह, मृत्युंजय प्रताप
942 _cTB
999 _c52081
_d52081